El aspecto verbal en el Nuevo Testamento

Uloženo v:
Podrobná bibliografie
Hlavní autor: Mateos Alvarez, Juan José (autor)
Médium: Kniha
Jazyk:španělština
Vydáno: Madrid Cristiandad 1977
Edice:Estudios de Nuevo Testamento. Estudios y Monografías, 1
Témata:
Tagy: Přidat tag
Žádné tagy, Buďte první, kdo vytvoří štítek k tomuto záznamu!

MARC

LEADER 00000nam a2200000 a 4500
001 UCL1248
003 CL-VaPUC
008 030905e19770000SP |||||||||||||||||spa|d
020 |a 8470572180 
082 0 4 |a 225.014  |b MAT  |2 21 
100 |a Mateos Alvarez, Juan José  |e autor  |9 314392 
245 1 3 |a El aspecto verbal en el Nuevo Testamento 
300 |a 171 p 
942 |c BK 
945 |d 20030905 00:00:00  |a vberengu 
260 |a Madrid  |b Cristiandad  |c 1977 
650 0 |a Nuevo testamento  |9 257604 
650 0 |a Textos sagrados   |9 257605 
650 0 |a Biblia  |9 257603 
650 0 |a Gramática  |9 270497 
650 0 |a Lingüística  |9 265068 
583 |a last modification  |c 20030905 00:00:00  |k Rodrigo Vera 
490 0 |a Estudios de Nuevo Testamento. Estudios y Monografías, 1 
999 |c 304892  |d 304890 
952 |0 0  |1 0  |4 0  |6 225_014000000000000_MAT_1977  |7 0  |8 A  |9 367715  |a BIBTEO  |b BIBTEO  |d 2019-11-21  |i 2076454  |o 225.014 MAT 1977  |p 2076454  |r 2025-01-17  |w 2019-11-21  |y BK  |k ICR